000 00401nam a2200169Ia 4500
008 230524s9999 xx 000 0 und d
020 _a9780195671537
082 _a620.136
_bSAN
100 _aA.R. Santha Kumar
245 0 _aConcrete Technology
250 _a15
260 _aNew Delhi
_bOxford
_c2014
300 _a"XII,760p;"
500 _aQuantity Number: 6
650 _aCivil
942 _cBK
999 _c56942
_d56942